| 000 | 00569nam a2200181 i 4500 | ||
|---|---|---|---|
| 001 | 144880 | ||
| 003 | ES-MaACL | ||
| 005 | 20250919063044.0 | ||
| 007 | t| | ||
| 008 | 070214s1920 xxk r ||||1| eng d | ||
| 100 | 0 |
_aSmith, Adam, _d1723-1790 _9106844 |
|
| 245 | 1 | 0 |
_aAn inquiry into the nature and causes of the wealth of nations / _cAdam Smith. |
| 260 |
_aLondon : _b[s. n.], _c1920 ( _eLetchworth : _fThe Temple Press) |
||
| 300 |
_a2 v. ; _c18 x 11 cm. |
||
| 650 | 0 | 7 |
_aEconomÃa _2embne _912006 |
| 852 |
_aES-MaACL _jG-14722-23 |
||
| 999 |
_c144880 _d144880 |
||